Katalóg podnikov '98

Gespeichert in:
Bibliographische Detailangaben
Format: Buch
Sprache:Slowakisch
Veröffentlicht: Bratislava AIESEC 1998
Schlagworte:
Tags: Tag hinzufügen
Keine Tags, Fügen Sie das erste Tag hinzu!

MARC

LEADER 00000nam a2200000 4500
001 c109454
005 20221109093821.2
041 0 |a slo 
044 |a SK 
245 1 0 |a Katalóg podnikov '98 
264 1 |a Bratislava  |b AIESEC  |c 1998 
300 |a [30 s.] 
610 2 0 |a zamestnávatelia 
610 2 0 |a sily pracovné 
610 2 0 |a trh práce 
610 2 0 |a študenti 
610 2 0 |a ekonómia 
610 2 0 |a obchod 
610 2 0 |a ponuka práce 
610 2 0 |a firmy 
610 2 0 |a Slovensko